Cartas de Pedro de Valdivia al Emperador Carlos V

Uloženo v:
Podrobná bibliografie
Hlavní autor: Valdivia, Pedro de (Autor)
Médium: Kniha
Jazyk:španělština
Vydáno: Santiago Imprenta del Ferrocarril 1861
Vydání:1a. ed
Edice:Colección de Historiadores de Chile y Documentos relativos a la Historia Nacional, I
Témata:
Tagy: Přidat tag
Žádné tagy, Buďte první, kdo vytvoří štítek k tomuto záznamu!

MARC

LEADER 00000nam a2200000 a 4500
001 UCJ3168
003 CL-VaPUC
008 070124e18610000CL |||||||||||||||||spa|d
082 0 4 |a 983  |b VAL  |2 21 
100 0 |a Valdivia, Pedro de  |e author  |9 317024 
245 1 0 |a Cartas de Pedro de Valdivia al Emperador Carlos V 
246 1 0 |a Primer libro de Actas del Cabildo de Santiago, llamado jeneralmente Libro Becerro, de 1541, 1557 
246 1 0 |a Libro Becerro 
246 1 0 |a Actas del Cabildo de Santiago: Tomo I, 1541 a 1557 
250 |a 1a. ed 
300 |a 622 p 
942 |c BK 
945 |d 20070124 00:00:00  |a rinostro 
260 |a Santiago  |b Imprenta del Ferrocarril  |c 1861 
500 |a Prólogo de Dn. José Toribio Medina 
600 0 7 |a VILLAGRA, FRANCISCO DE  |2 CL-VaPUC  |9 504755 
600 0 7 |a ALDERETE, JERONIMO DE  |2 CL-VaPUC  |9 443916 
600 0 7 |a CARLOS V  |2 CL-VaPUC  |9 349626 
600 0 7 |a GONZALEZ, RODRIGO  |2 CL-VaPUC  |9 504756 
600 0 7 |a CABILDO DE SANTIAGO  |2 CL-VaPUC  |9 443918 
650 0 |a Historia de Chile  |9 265473 
650 7 |a DESCUBRIMIENTO Y CONQUISTA  |2 CL-VaPUC  |9 268482 
650 0 |a Guerra de Arauco  |9 267618 
650 7 |a FUNDACION DE SANTIAGO  |2 CL-VaPUC  |9 504757 
650 0 |a Gobierno colonial  |9 353437 
650 7 |a LIBRO BECERRO  |2 CL-VaPUC  |9 504758 
650 0 |a Derecho colonial español   |9 255181 
650 7 |a ENCOMIENDAS INDIGENAS  |2 CL-VaPUC  |9 374847 
650 7 |a INSTITUCIONES COLONIALES  |2 CL-VaPUC  |9 389426 
651 0 |a Santiago  |9 265444 
583 |a last modification  |c 20121207 08:30:06  |k Rodrigo Vera 
490 0 |a Colección de Historiadores de Chile y Documentos relativos a la Historia Nacional, I 
999 |c 319290  |d 319288 
952 |0 0  |1 0  |4 0  |6 983_000000000000000_VAL_1861  |7 0  |8 X  |9 397577  |a FDOBUD  |b FDOBUD  |d 2019-11-22  |i 1000004  |o 983 VAL 1861  |p 1000004  |r 2019-11-22  |w 2019-11-22  |y BK_X  |k BUD